000 00687nam a2200229Ia 4500
003 OSt
005 20220928115213.0
006 a|||||r|||| 00| 0
007 ta
008 220927b |||||||| |||| 00| 0 eng d
024 _a84040
037 _cTextual
040 _aSDCL
_cSDCL
_beng
041 _2eng
_aeng
082 _aBwM60, P7
100 _aGoodstein Judith R
_9443356
245 0 _aVolterra chronicles
_bThe life and times of an extraordinary mathmatician 1860-1940.
260 _aAmerica
_bAmerican Mathematical Soicety
_c2007
300 _ax.301+various pagination
_ccm.
942 _hBwM60, P7
_cTEXL
_2CC
999 _c758503
_d758503